| 000 | 01026cam a22002773a 4500 | ||
|---|---|---|---|
| 001 | 24667 | ||
| 003 | PGUSA | ||
| 005 | 20140828083530.0 | ||
| 008 | 080222s2008||||xxu|||||s|||||000 | eng d | ||
| 040 |
_aPGUSA _beng |
||
| 042 | _adc | ||
| 050 | 4 | _aQC | |
| 100 | 1 | _aHooper, William George | |
| 245 | 1 | 0 |
_aAether and Gravitation _h[electronic resource] / _cWilliam George Hooper |
| 260 |
_bProject Gutenberg, _c2008 |
||
| 505 | 0 | _aPhilosophy of gravitation -- Matter -- Aether -- Energy -- Heat, a mode of motion -- Light, a mode of motion -- Aether and electricity -- Aether and magnetism -- Aether and Newton's laws of motion -- Aether and Kepler's laws -- Aether and comets -- Aether and starry world -- Aether and the universe. | |
| 506 | _aPublic domain in the USA. | ||
| 516 | _aElectronic text | ||
| 653 | _aMatter | ||
| 653 | _aForce and energy | ||
| 653 | _aEther (Space) | ||
| 653 | _aGravitation | ||
| 830 | 0 |
_aProject Gutenberg _v24667 |
|
| 856 | 4 | 0 | _uhttp://www.gutenberg.org/ebooks/24667 |
| 942 | _cEB | ||
| 999 |
_c253922 _d253922 |
||